Magnetic Resonance Imaging in Ischemic Stroke
Enregistré dans:
| Auteur principal: | |
|---|---|
| Autres auteurs: | |
| Format: | Livre |
| Langue: | anglais |
| Publié: |
Berlin
Springer
2006
|
| Sujets: | |
| Accès en ligne: | Voir à l'OPAC |
| Tags: |
Pas de tags, Soyez le premier à ajouter un tag!
|
MARC
| LEADER | 00000nam a2200000 a 4500 | ||
|---|---|---|---|
| 005 | 20260127134012.0 | ||
| 008 | 061219 000 0 eng d | ||
| 020 | |a 3540008616 | ||
| 035 | |a vtls008901248 | ||
| 039 | 9 | |y 200612191202 |z mschk03 | |
| 040 | |a STUSCHK1 |b slo |c STUSCHK1 |e AACR2 | ||
| 080 | |a 543.25 | ||
| 100 | 1 | |a Kummer, Rüdiger von | |
| 245 | 1 | |a Magnetic Resonance Imaging in Ischemic Stroke |c Rüdiger von Kummer, Tobias Back | |
| 260 | |a Berlin |b Springer |c 2006 | ||
| 300 | |a xii, 304 p.: ill. ; 27,5 cm | ||
| 650 | 0 | |a rezonancia magnetická | |
| 650 | 0 | |a tomografia počítačova | |
| 700 | 1 | |a Back, Tobias | |
| 910 | |a SCHK95 | ||
| 999 | |c 1876 |d 1876 | ||